000 00453nam a22001697a 4500
999 _c523947
_d523947
003 NUST
038 _aShaban
082 _a891.421
_bSAL
100 _aSalhary, Iftikhar Ahmad
_914774
245 _aNain Rwai Nee
_cIftikhar Ahmad Salhary
260 _aLahore - :
_bSanjh,
_c2011.
300 _a127 p. - ;
500 _aHardcover
880 _6100-02\r
_aافتخار احمد سلہری
880 _6245-02\r
_aنیں راوے نی
942 _2ddc
_cBK